| 000 | 00525nam a2200181 a 4500 | ||
|---|---|---|---|
| 005 | 20140311163009.0 | ||
| 008 | 050713s19uu xx 00 eng d | ||
| 020 | _a81-7169-653-8 | ||
| 050 |
_aQA 76 _b.D845 2005 |
||
| 100 | _aDudeja, V. D. | ||
| 245 |
_aInformation technology : _be-commerce and e-business / _cV.D. Dudeja. |
||
| 260 |
_aNew Delhi, India : _bCoomonwealth Publishers, _cc2005. |
||
| 300 |
_a356 p. : _c20 cm. |
||
| 521 | _aIT | ||
| 650 | _aElectronic commerce. | ||
| 942 |
_cBK _2lcc _kFOR |
||
| 999 |
_c39347 _d39347 |
||